000 00907cab a2200265 4500
001 ABS53280
008 090401t1995 xxu||||| |||| 00| 0 eng d
035 _a(Sirsi) u3218
041 _aeng
100 _aArcher, M.
245 _aDangerous heights
260 _c1995
350 _a0
490 _aBuilding
_v260(7899) 7 July 1995, 36(1)
520 _aConsiders the prosecution of individuals under health and safety legislation. Explains how company directors can be prosecuted. Refers to CDM regulations.
650 _aCONSTRUCTION (DESIGN AND MANAGEMENT) REGULATIONS 1994
650 _aCOMPANY DIRECTORS DISQUALIFICATION ACT 1986
650 _aCONDAM REGULATIONS 1994
650 _aCONSTRUCTION (DESIGN AND MANAGEMENT) REGULATIONS 1994
650 _aHEALTH AND SAFETY AT WORK ETC ACT 1974 S37
650 _aHEALTH AND SAFETY
_96244
690 _aLAW
942 _n0
948 _c04/03/1997
999 _c1966
_d1966